Artists ever in the Top 5 U.S. Spotify - Statistics

General Stats
  • This quiz has been taken 8 times
  • The average score is 14 of 45
Answer Stats
Hint Answer % Correct
Puerto Rico Bad Bunny
100%
USA Beyonce
100%
USA Taylor Swift
100%
UK Ed Sheeran
86%
Canada Justin Bieber
86%
Trinidad and Tobago Nicki Minaj
86%
Barbados Rihanna
86%
Canada Drake
71%
South Korea BTS
57%
USA Eminem
57%
Canada The Weeknd
57%
USA Travis Scott
57%
USA Ariana Grande
43%
USA Billie Eilish
43%
USA Future
43%
USA Kanye West
43%
USA Kendrick Lamar
43%
USA Post Malone
43%
UK 21Savage
29%
USA Bruno Mars
29%
UK Harry Styles
29%
USA Lil Baby
29%
USA Lil Uzi Vert
29%
USA Gunna
14%
USA Juice WRLD
14%
USA Morgan Wallen
14%
USA Olivia Rodrigo
14%
USA Sabrina Carpenter
14%
USA SZA
14%
Canada Tate McRae
14%
USA ASAP Rocky
0%
USA Brent Faiyaz
0%
USA Don Toliver
0%
USA Ella Langsley
0%
USA J Cole
0%
South Korea KPop Demon Hunters
0%
USA Lil Manuel Miranda
0%
USA Metro Boomin
0%
Canada PartyNextDoor
0%
Mexico Peso Pluma
0%
USA Playboi Carti
0%
USA Ty Dolla Sing
0%
USA Tyler The Creator
0%
USA Young Thug
0%
USA Zach Bryan
0%
No matching quizzes found
Score Distribution
Percent of People with Each Score
Percentile by Number Answered
Your Score History
You have not taken this quiz